00717nai a2200181Ia 4500003000900000008004100009022002200050022002300072040001600095245004800111260008600159310001700245362002600262521006900288650003300357650005700390856008800447IN-BaIIA211028c9999 xx s 000 0 eng d a0733-8724 (Print) a1558-2213 (Online) cIIA Library 0aJournal of Lightwave Technologyh[eJournal] aNew York, USAbThe Institute of Electrical and Electronics Engineers, Inc. (IEEE) aSemi-monthly a1(1); 1983 - Present  bSubscribed through National Knowledge Resource Consortium (NKRC) a Photonics and Electrooptics aCommunication, Networking and Broadcast Technologies uhttps://ieeexplore.ieee.org/servlet/opac?punumber=50yClick Here to Access eJournal